000 00768nam a2200241 u 4500
001 62469
005 20180714064512.0
008 150427s2011 ag r 000 0 spa d
020 _a978-987-1240-61-6
082 0 _a809.245
_bGAR
100 1 _aGarcía Negroni, María Marta
_eautor
245 1 0 _aEscribir en español :
_bclaves para una corrección de estilo. /
_cMaría Marta García Negroni.
250 _a2ª edición
264 1 _aArgentina :
_bSantiago Arcos Editor ;
_c2011
300 _a872 páginas ;
_c23 cm.
336 _atexto
_2rdacontent
337 _asin mediación
_2rdamedia
338 _avolumen
_2rdacarrier
490 0 _aInstrumentos
_v1
650 0 _aCorrección de estilo
650 0 _aGramática
650 0 _aLingüistica
999 _c62469
_d62469